[Event "Riga Tech op 7th"]
[Site "Riga"]
[Date "2017.08.12"]
[Round "8"]
[White "Kvon, Andrey"]
[Black "Saveliev, Alexei"]
[Result "1-0"]
[WhiteElo "2500"]
[BlackElo "2396"]
[PlyCount "121"]
[EventDate "2017.08.07"]
[EventType "swiss"]
[EventRounds "9"]
[EventCountry "LAT"]
[SourceTitle "CBM 179 Extra"]
[Source "ChessBase"]
[SourceDate "2017.08.23"]
[SourceVersion "1"]
[SourceVersionDate "2017.08.23"]
[SourceQuality "1"]

1. d4 Nf6 2. c4 e6 3. Nc3 Bb4 4. e3 0-0 5. Bd3 d5 6. Nge2 dxc4 7. Bxc4 e5 8. a3 exd4 9. axb4 dxc3 10. Qxd8 Rxd8 11. bxc3 Nbd7 12. Nd4 Ne5 13. Be2 Ne4 14. Bb2 Nd6 15. f3 Bd7 16. Kf2 b6 17. Rhb1 Nec4 18. b5 Na5 19. Ba3 Ndc4 20. Bb4 Bc8 21. Ra2 a6 22. Rba1 axb5 23. Bxc4 bxc4 24. Bxa5 bxa5 25. Rxa5 Rb8 26. R1a2 Rb7 27. Rc5 Be6 28. e4 Kf8 29. h4 Rdb8 30. g4 Ke7 31. Ke3 Kd6 32. Raa5 Rb1 33. e5+ Kd7 34. Ra7 R8b7 35. Rxb7 Rxb7 36. Ke4 Rb1 37. Nxe6 fxe6 38. Rxc4 g6 39. Kf4 h6 40. Rd4+ Ke7 41. Rb4 Rh1 42. Kg3 Rg1+ 43. Kf2 Rh1 44. Rb8 Rxh4 45. Rg8 g5 46. Rg7+ Kd8 47. Kg2 h5 48. Rxg5 hxg4 49. fxg4 Kd7 50. c4 Rh7 51. Rh5 Rg7 52. Kg3 Kc6 53. Rh6 Kc5 54. Rxe6 Kxc4 55. Re8 Kd5 56. Kf4 c5 57. Rd8+ Kc6 58. e6 c4 59. Kf5 Rc7 60. Kf6 c3 61. e7 1-0